000 00699nam a2200265Ia 4500
003 OSt
005 20221005120942.0
006 a|||||r|||| 00| 0
007 ta
008 221004b |||||||| |||| 00| 0 tel d
024 _a39651
037 _cTextual
040 _aCRL
_cCRL
_btel
041 _2tel
_atel
082 _aX:3M24xM18:(R), 35L7.1-.2
100 _aSekhar Tr.
_9629873
245 0 _aFundamentals of marxist- leninst philosophy
260 _c1977
300 _a427p.
_ccm.
650 _a MARXISM
650 _a TELUGU LANGUAGE
_9155493
650 _aECONOMICS
942 _hX:3M24xM18:(R), 35L7.1-.2
_cTEXL
_2cc
999 _c1039652
_d1039652